Statistics for American Countries by Highest Point on Land

Click here to take the quiz!

General Stats

  • This quiz has been taken 16 times
  • The average score is 27 of 35

Answer Stats

MetersNameAnswer% Correct
6962mAconcaguaArgentina
100%
6542mNevado SajamaBolivia
100%
5956mMount LoganCanada
100%
6893mOjos del SaladoChile
100%
5730mPico Cristóbal ColónColombia
100%
6267mVolcán ChimborazoEcuador
100%
6768mNevado HuascaránPeru
100%
6190mDenaliUnited States
100%
4981mPico BolívarVenezuela
100%
3819mCerro ChirripóCosta Rica
92%
4220mVolcán TajumulcoGuatemala
92%
5636mPico de OrizabaMexico
92%
2995mPico da NeblinaBrazil
83%
1974mPico TurquinoCuba
83%
3098mPico DuarteDominican Republic
83%
2772mMount RoraimaGuyana
83%
2674mPic la SelleHaiti
83%
2849mCerro las MinasHonduras
83%
2256mBlue Mountain PeakJamaica
83%
402mMount ObamaAntigua and Barbuda
75%
340mMount HillabyBarbados
75%
2730mCerro el PitalEl Salvador
75%
2106mPico MogotónNicaragua
75%
3474mVolcán BarúPanama
75%
63mMount AlverniaBahamas
67%
1230mJulianatopSuriname
67%
514mCerro CatedralUruguay
58%
1174mDoyle's DelightBelize
50%
1447mMorne DiablotinsDominica
50%
840mMount Saint CatherineGrenada
50%
1156mMount LiamuigaSaint Kitts and Nevis
50%
842mCerro Tres KandúParaguay
42%
950mMount GimieSaint Lucia
42%
1234mLa SoufrièreSaint Vincent and the Grenadines
42%
940mAripo PeakTrinidad and Tobago
42%

Score Distribution

Percentile by Number Answered

Percent of People with Each Score

Your Score History

You have not taken this quiz